How to know the Amphibians and Reptiles (Record no. 6998)

MARC details
000 -LEADER
fixed length control field 01054cam a2200301 a 4500
001 - CONTROL NUMBER
control field 1390662
003 - CONTROL NUMBER IDENTIFIER
control field OSt
005 - DATE AND TIME OF LATEST TRANSACTION
control field 20260224112639.0
008 - FIXED-LENGTH DATA ELEMENTS--GENERAL INFORMATION
fixed length control field 830730s1983 iaua 001 0 eng
010 ## - LIBRARY OF CONGRESS CONTROL NUMBER
LC control number 82083544
020 ## - INTERNATIONAL STANDARD BOOK NUMBER
International Standard Book Number 0697047865 (pbk.)
040 ## - CATALOGING SOURCE
Original cataloging agency DLC
Transcribing agency DDC
Modifying agency DLC
043 ## - GEOGRAPHIC AREA CODE
Geographic area code n-us---
050 00 - LIBRARY OF CONGRESS CALL NUMBER
Classification number QL652
Item number .B3 1983
082 00 - DEWEY DECIMAL CLASSIFICATION NUMBER
Classification number 597.8BAL 1983
100 1# - MAIN ENTRY--PERSONAL NAME
Personal name Ballinger, Royce E.; Lynch, John D.
9 (RLIN) 14349
245 10 - TITLE STATEMENT
Title How to know the Amphibians and Reptiles
260 ## - PUBLICATION, DISTRIBUTION, ETC. (IMPRINT)
Place of publication, distribution, etc. Dubuque, Iowa :
Name of publisher, distributor, etc. W.C. Brown Co.,
Date of publication, distribution, etc. c1983.
300 ## - PHYSICAL DESCRIPTION
Extent viii, 229 p. :
Other physical details ill. ;
Dimensions 24 cm.
440 #4 - SERIES STATEMENT/ADDED ENTRY--TITLE
Title The Pictured key nature series
9 (RLIN) 14350
500 ## - GENERAL NOTE
General note Includes index.
650 #0 - SUBJECT ADDED ENTRY--TOPICAL TERM
Topical term or geographic name as entry element Reptiles
Geographic subdivision United States
General subdivision Identification.
9 (RLIN) 14351
650 #0 - SUBJECT ADDED ENTRY--TOPICAL TERM
Topical term or geographic name as entry element Amphibians
Geographic subdivision United States
General subdivision Identification.
9 (RLIN) 14352
856 42 - ELECTRONIC LOCATION AND ACCESS
Materials specified Publisher description
Uniform Resource Identifier <a href="http://www.loc.gov/catdir/description/mh022/82083544.html">http://www.loc.gov/catdir/description/mh022/82083544.html</a>
856 41 - ELECTRONIC LOCATION AND ACCESS
Materials specified Table of contents
Uniform Resource Identifier <a href="http://www.loc.gov/catdir/toc/mh021/82083544.html">http://www.loc.gov/catdir/toc/mh021/82083544.html</a>
906 ## - LOCAL DATA ELEMENT F, LDF (RLIN)
a 7
b cbc
c orignew
d 2
e opcn
f 19
g y-gencatlg
942 ## - ADDED ENTRY ELEMENTS (KOHA)
Source of classification or shelving scheme Dewey Decimal Classification
Koha item type Open Shelf
Holdings
Withdrawn status Lost status Source of classification or shelving scheme Damaged status Not for loan Home library Current library Date acquired Source of acquisition Inventory number Total Checkouts Full call number Barcode Date last seen Koha item type
    Dewey Decimal Classification     MUST Main Library MUST Main Library 23/08/2021 purchase 13/36939   597.8 BAL 1983 2021-0671 23/08/2021 Open Shelf
    Dewey Decimal Classification     MUST Main Library MUST Main Library 06/10/2021 Purchase 13/36938   597.8 BAL 1983 2021-1420 06/10/2021 Open Shelf